[Event "RUS-ch51"]
[Site "St Petersburg"]
[Date "1998.08.06"]
[Round "10"]
[White "Aseev, Konstantin N"]
[Black "Voitsekhovsky, Stanislav"]
[Result "1/2-1/2"]
[WhiteElo "2525"]
[BlackElo "2545"]

1.d4 Nf6 2.c4 g6 3.Nf3 Bg7 4.g3 O-O 5.Bg2 d6 6.Nc3 Nbd7 7.O-O e5 8.e4 c6
9.h3 a5 10.Re1 Re8 11.d5 Nc5 12.Bf1 Rf8 13.Rb1 cxd5 14.cxd5 Bd7 15.a4 Qc8
16.Kh2 Ne8 17.Be3 f5 18.exf5 gxf5 19.Nd2 Nf6 20.Nc4 Qc7 21.f4 Nfe4 22.Nxe4 fxe4
23.fxe5 Nd3 24.Bxd3 exd3 25.Rc1 dxe5 26.Nb6 Qd6 27.Bc5 Qh6 28.Nxd7 d2 29.Nxf8 Bxf8
30.Be3 dxe1=Q 31.Qxe1 Qg6 32.Rc4 h5 33.Qd1 Bd6 34.Qc2 e4 35.Bf4 Bxf4 36.gxf4 Re8
37.Rc8 h4 38.Rxe8+ Qxe8 39.Kg2 Qg6+ 40.Kf1 Qf5 41.Ke2  1/2-1/2

[Event "Eikrem mem"]
[Site "Gausdal"]
[Date "1998.08.07"]
[Round "7"]
[White "Moen, Andreas"]
[Black "Richardson, Keith B"]
[Result "0-1"]
[WhiteElo "2210"]
[BlackElo "2185"]

1.d4 Nf6 2.c4 g6 3.Nf3 Bg7 4.g3 O-O 5.Bg2 d6 6.O-O Nbd7 7.Nc3 e5 8.e4 c6
9.h3 Qb6 10.Re1 Ne8 11.dxe5 dxe5 12.b3 Nc7 13.Na4 Qb4 14.c5 b5 15.Bd2 Qa3
16.Bc1 Qb4 17.a3 Qa5 18.Qd6 Ne6 19.Qxc6 Nd4 20.Qxa8 Nxf3+ 21.Bxf3 Qxe1+ 22.Kg2 bxa4
23.c6 Nc5 24.Qxa7 Nxb3 25.Rb1 Nxc1 26.Qc5 Nd3 27.Qc2 Qxf2+ 28.Qxf2 Nxf2 29.Kxf2 Be6
30.Bd1 Bb3 31.Bxb3 axb3 32.Rxb3 Rc8 33.Rb6 Bf8 34.Ke2 Bxa3 35.Kd3 Kf8 36.Kc4 Ke7
37.Kd5 Rd8+ 38.Kc4 Kd6 39.Ra6 Bb2 40.Rb6 Bd4 41.Rb7 Rc8 42.Rxf7 Rxc6+ 43.Kd3 Rc7  0-1

[Event "Eikrem mem"]
[Site "Gausdal"]
[Date "1998.08.08"]
[Round "8"]
[White "Kraidman, Yair"]
[Black "Engelbert, Christoph"]
[Result "1-0"]
[WhiteElo "2335"]
[BlackElo "2230"]

1.d4 g6 2.c4 Bg7 3.Nf3 d6 4.g3 Nf6 5.Bg2 O-O 6.Nc3 c6 7.O-O Qa5 8.d5 Bd7
9.Bd2 Rc8 10.Rc1 Qd8 11.Qb3 cxd5 12.cxd5 Qb6 13.Qxb6 axb6 14.Be3 Na6 15.a3 Nc5
16.h3 Nfe4 17.Nxe4 Nxe4 18.Bd4 Nd2 19.Bxg7 Nxf3+ 20.Bxf3 Kxg7 21.h4 Kf6 22.Rfd1 Rxc1
23.Rxc1 Rc8 24.Rxc8 Bxc8 25.Bg2 Ke5 26.e3 h6 27.f4+ Kf6 28.Kf2 Bd7 29.Ke2 Bb5+
30.Kd2 g5 31.hxg5+ hxg5 32.Kc3 Be2 33.Kd4 gxf4 34.gxf4 Bg4 35.Bf1 Bd7 36.Bd3 e5+
37.dxe6 fxe6 38.Be4 Bc8 39.Bd3 Bd7 40.Be4 Bc8 41.Bg2 Ke7 42.Kc4 Kd8 43.Bh3 Kc7
44.Kc3 d5 45.Bg2 Kd6 46.Kd4 Bd7 47.e4 dxe4 48.Bxe4 Bc6 49.Bxc6 Kxc6 50.Ke5 Kd7
51.a4 Ke7 52.b3 Kd7 53.Kd4 Kd6 54.Ke4 Kc6 55.Ke5 Kd7 56.Kf6 Kd6 57.b4 Kd7
58.Kf7 Kd6 59.Ke8 e5 60.fxe5+ Kxe5 61.Kd7 Kd5  1-0

[Event "MK Cafe Cup-A"]
[Site "Koszalin"]
[Date "1998.08.09"]
[Round "7"]
[White "Romanishin, Oleg M"]
[Black "Syrtlanov, Vil"]
[Result "1-0"]
[WhiteElo "2600"]
[BlackElo "2410"]

1.d4 Nf6 2.Nf3 g6 3.g3 Bg7 4.Bg2 O-O 5.c4 d6 6.O-O Nbd7 7.d5 a5 8.Nc3 Nc5
9.Be3 Nfd7 10.Rc1 e5 11.dxe6 fxe6 12.b3 Qe7 13.Qd2 Na6 14.Nb5 Ndc5 15.Ng5 Bd7
16.Rfd1 Bc6 17.Qxa5 h6 18.Nf3 e5 19.Qe1 Ne6 20.Nc3 Nac5 21.b4 Na4 22.Nd5 Qf7
23.Qd2 g5 24.Rf1 Nf4 25.Bxf4 gxf4 26.Nh4 Nb6 27.Be4 Nxd5 28.cxd5 Bb5 29.Qc2 Bf6
30.Nf5 Bg5 31.h4 Bd7 32.g4 Qf6 33.hxg5 Qxg5 34.f3 h5 35.Rf2 hxg4 36.fxg4 Ra3
37.Rg2 Rh3 38.Rf1 Rf7 39.Rf3 Rh8 40.Ra3 Kf8 41.Qxc7  1-0

[Event "Energy Cup"]
[Site "Olomouc"]
[Date "1998.08.10"]
[Round "3"]
[White "Beil, Zdenek"]
[Black "Helbich, Jan"]
[Result "1/2-1/2"]
[WhiteElo "2320"]
[BlackElo "2250"]

1.d4 Nf6 2.Nf3 g6 3.c4 Bg7 4.g3 O-O 5.Bg2 d6 6.Nc3 Nbd7 7.O-O e5 8.e4 c6
9.b3 Re8 10.Bb2 exd4 11.Nxd4 Nc5 12.Qc2 a5 13.h3 h5 14.Rad1 Qe7 15.Rfe1 Nfd7
16.Re2 Nf8 17.f4 h4 18.g4 Nfe6 19.Nxe6 Nxe6 20.Qd2 g5 21.fxg5  1/2-1/2

[Event "MK Cafe Cup-A"]
[Site "Koszalin"]
[Date "1998.08.11"]
[Round "9"]
[White "Ferenc, Jozef"]
[Black "Syrtlanov, Vil"]
[Result "0-1"]
[WhiteElo "2280"]
[BlackElo "2410"]

1.Nf3 Nf6 2.g3 g6 3.Bg2 Bg7 4.d4 O-O 5.c4 d6 6.Nc3 Nbd7 7.O-O e5 8.dxe5 dxe5
9.Qc2 c6 10.Rd1 Qe7 11.b3 Re8 12.Bb2 e4 13.Nd4 e3 14.f4 h5 15.Nf3 Ng4 16.Na4 Ndf6
17.Ne5 h4 18.Nxg4 Bxg4 19.Be5 hxg3 20.hxg3 Nh5 21.Bxg7 Nxg3 22.Bc3 Nxe2+
23.Kf1 Nxc3  0-1

[Event "MK Cafe Cup-A"]
[Site "Koszalin"]
[Date "1998.08.11"]
[Round "9"]
[White "Romanishin, Oleg M"]
[Black "Podgaets, Mikhail"]
[Result "1/2-1/2"]
[WhiteElo "2600"]
[BlackElo "2475"]

1.d4 Nf6 2.Nf3 g6 3.g3 Bg7 4.Bg2 O-O 5.c4 d6 6.O-O Nbd7 7.d5 Nc5 8.Be3 e6
9.Nc3 exd5 10.cxd5 Re8 11.Bd4 a5 12.Re1 Bd7 13.a4 Ra6 14.Bxc5 dxc5 15.Qc2 Rb6
16.Rad1 Ne4 17.Nxe4 Rxb2 18.Qd3 c4 19.Qe3 f5 20.Nd4 fxe4 21.Ne6 Qf6 22.Nxc7 Rf8
23.Rc1 c3 24.Bxe4 Qd6 25.Nb5 Bxb5 26.axb5 Rxb5 27.Bg2 Rb2 28.Bh3 Kh8 29.Be6 Qb4
30.Red1 Rd2 31.Rxd2 cxd2 32.Rd1 Bd4 33.Qxd2 Bxf2+ 34.Kg2 Qxd2 35.Rxd2 Bc5
36.d6 Rd8 37.d7  1/2-1/2

[Event "Hampstead IM3"]
[Site "Hampstead"]
[Date "1998.08.12"]
[Round "3"]
[White "Whiteley, Andrew J"]
[Black "Palliser, Richard"]
[Result "0-1"]
[WhiteElo "2240"]
[BlackElo "2175"]

1.d4 Nf6 2.c4 g6 3.Nf3 Bg7 4.g3 O-O 5.Bg2 d6 6.O-O c6 7.Nc3 Qa5 8.h3 Be6
9.Nd2 Na6 10.d5 Bd7 11.a3 Nc7 12.b4 Qa6 13.Bb2 b5 14.cxb5 Nxb5 15.Nxb5 Qxb5
16.dxc6 Bxc6 17.Bxc6 Qxc6 18.Nb3 Qd7 19.Kg2 a5 20.Nxa5 Rxa5 21.Bxf6 Qb7+
22.Kg1 Rd5  0-1

[Event "ESP-ch"]
[Site "Linares"]
[Date "1998.08.14"]
[Round "3"]
[White "Bernal Moro, Luis Javier"]
[Black "Enjuto Velasco, Roberto"]
[Result "1/2-1/2"]
[WhiteElo "2420"]
[BlackElo "2125"]

1.d4 Nf6 2.c4 g6 3.Nf3 Bg7 4.g3 O-O 5.Bg2 d6 6.O-O c5 7.Nc3 Nc6 8.d5 Na5
9.Nd2 e5 10.e4 Ng4 11.b3 f5 12.exf5 gxf5 13.h3 Nf6 14.Bb2 Bd7 15.Qc2 a6 16.Rae1 b5
17.Nd1 Rb8 18.Bc3 b4 19.Bb2 Nb7 20.Nf3 Qc8 21.Nh4 Nd8 22.Ne3 Ne8 23.f4 e4
24.Bxg7 Kxg7 25.g4 fxg4 26.hxg4 Bxg4 27.f5 Bh5 28.Bxe4 Nf6 29.Neg2 Nf7 30.Bf3 Bxf3
31.Rxf3 Ne5 32.Rg3+ Kh8 33.Rxe5 dxe5 34.Qd2 Rg8 35.Ng6+  1/2-1/2

[Event "Wch (Men) U26"]
[Site "Rotterdam"]
[Date "1998.08.16"]
[Round "5"]
[White "Cacho Reigadas, Sergio"]
[Black "Andreev, Eduard"]
[Result "1-0"]
[WhiteElo "2425"]
[BlackElo "2330"]

1.Nf3 Nf6 2.g3 g6 3.Bg2 Bg7 4.c4 d6 5.d4 O-O 6.O-O Nbd7 7.Nc3 e5 8.e4 exd4
9.Nxd4 Re8 10.Re1 Ng4 11.h3 Qf6 12.hxg4 Qxd4 13.Qxd4 Bxd4 14.Nd5 Bb6 15.g5 c6
16.Nxb6 axb6 17.b3 Nc5 18.Be3 Bg4 19.f3 Be6 20.Red1 Red8 21.Bd4 d5 22.b4 Nd7
23.cxd5 cxd5 24.f4 dxe4 25.Bxe4 Ra4 26.a3 Nc5 27.Bf6 Re8 28.Bc2 Nb3 29.Rdb1 Nxa1
30.Bxa4 Ra8 31.Bd1  1-0

[Event "ESP-ch"]
[Site "Linares"]
[Date "1998.08.17"]
[Round "6"]
[White "Rubio Mancebon, Pedro J"]
[Black "Abella Vazquez, Carlos Manuel"]
[Result "0-1"]
[WhiteElo "2005"]
[BlackElo "2180"]

1.d4 Nf6 2.c4 g6 3.Nf3 Bg7 4.g3 O-O 5.Bg2 d6 6.O-O Nc6 7.Nc3 a6 8.d5 Na5
9.Qd3 c5 10.Nd2 Rb8 11.Rb1 b5 12.cxb5 axb5 13.Nxb5 c4 14.Nxc4 Rxb5 15.Nxd6 Rb8
16.Nxc8 Rxc8 17.b3 Ng4 18.Bd2 Nb7 19.Rfc1 Qb6 20.e3 Ne5 21.Qe2 f5 22.Rxc8 Rxc8
23.Rc1 Rxc1+ 24.Bxc1 Qc5 25.Bb2 Nd6 26.Bxe5 Bxe5 27.Qd2 Qa3 28.Qc2 Bb2 29.e4 Nxe4
30.Bxe4 fxe4 31.Qxe4 Bf6 32.Qa4 Qxa4 33.bxa4 Bd4 34.Kf1 Kg7 35.Ke2 Kf6 36.f4 Kf5
37.Kf3 Bc3 38.g4+ Kf6 39.Ke4 Kf7 40.h3 Ke8 41.h4 Be1 42.h5 Kd7 43.hxg6 hxg6
44.g5 e6 45.Kd4 Kd6 46.dxe6 Kxe6 47.Kc5 Bd2 48.Kb6 Bxf4 49.a5 Bxg5 50.a6 Be3+
51.Kb7 g5 52.a4 g4 53.a5 g3 54.a7 Bxa7 55.Kxa7 g2 56.Kb7 g1=Q 57.a6 Kd7 58.a7 Qg2+
59.Kb8 Qg8+ 60.Kb7 Qc8+  0-1

[Event "Wch (Women) U26"]
[Site "Rotterdam"]
[Date "1998.08.17"]
[Round "6"]
[White "Khurtsidze, Nino"]
[Black "Kovalevskaya, Ekaterina"]
[Result "1-0"]
[WhiteElo "2375"]
[BlackElo "2480"]

1.d4 Nf6 2.c4 d6 3.Nf3 g6 4.g3 Bg7 5.Bg2 O-O 6.O-O Nbd7 7.Nc3 e5 8.h3 exd4
9.Nxd4 Re8 10.e4 Nc5 11.Re1 a5 12.Qc2 Bd7 13.Be3 Qc8 14.Kh2 Re5 15.g4 Re8
16.Rad1 c6 17.Bf4 Ne6 18.Nxe6 Bxe6 19.Bxd6 Nd7 20.b3 b5 21.f4 f6 22.c5 g5
23.Ne2 gxf4 24.Nxf4 Bf7 25.a4 Qb7 26.Bf1 Ne5 27.Bxe5 fxe5 28.Ng2 bxa4 29.bxa4 Qb3
30.Qc1 Rad8 31.Rd6 Qxa4 32.Nh4 Qa2+ 33.Kh1 Qf2 34.Nf5 Qf4 35.Bc4 Qxc1 36.Bxf7+ Kxf7
37.Rxc1 Bf8 38.Rxc6 Rc8 39.Ra6 Ra8 40.Rb6 a4 41.Ne3 a3 42.Rb7+ Kg6 43.Rb6+ Kg7
44.c6 Rec8 45.Rb7+ Kh8 46.Nd5 a2 47.Ra1 Rxc6 48.Rb2 Ra3 49.Rbxa2 Rxh3+ 50.Kg2 Rch6
51.g5 Rh2+ 52.Kg3 Rxa2 53.Rxa2 Rg6 54.Ra8 Kg7 55.Ra7+ Kh8 56.Kh4 h6 57.gxh6 Bxh6
58.Kh5 Re6 59.Ne7 Bf4 60.Nd5 Kg8 61.Kg4 Rh6 62.Kf5 Kf8 63.Nf6 Rxf6+ 64.Kxf6 Ke8
65.Ke6 Kd8 66.Ra8+ Kc7 67.Rg8 Bh2 68.Rg2 Bf4 69.Ke7 Kc6 70.Rc2+ Kb5 71.Kd6 Kb4
72.Kd5 Kb3 73.Rc6 Kb4 74.Rb6+ Kc3 75.Re6  1-0

[Event "ESP-ch"]
[Site "Linares"]
[Date "1998.08.19"]
[Round "8"]
[White "Zurano Lopez, Pedro"]
[Black "Bernal Moro, Luis Javier"]
[Result "0-1"]
[WhiteElo "2265"]
[BlackElo "2420"]

1.d4 Nf6 2.Nf3 g6 3.g3 Bg7 4.Bg2 O-O 5.c4 d6 6.O-O Nbd7 7.Nc3 a6 8.h3 e5
9.e4 exd4 10.Nxd4 Re8 11.Re1 Nc5 12.Rb1 h6 13.b4 Ne6 14.Nc2 Ng5 15.Bxg5 hxg5
16.Nd4 Nd7 17.Nd5 Ne5 18.c5 Rb8 19.Rc1 c6 20.Nb6 dxc5 21.bxc5 Bxh3 22.Bxh3 Qxd4
23.Qxd4 Nf3+ 24.Kf1 Bxd4 25.Re2 g4 26.Bg2 Rbd8 27.Bxf3 gxf3 28.Ree1 Kg7 29.Na4 Rh8  0-1

[Event "Mislata op7th"]
[Site "Valencia"]
[Date "1998.08.20"]
[Round "8.7"]
[White "Mancebo Ibanez, Fernando"]
[Black "Coret Frasquet, Jose"]
[Result "0-1"]
[WhiteElo "2215"]
[BlackElo "2300"]

1.d4 Nf6 2.Nf3 g6 3.c4 Bg7 4.g3 O-O 5.Bg2 d6 6.Nc3 Bg4 7.O-O Qc8 8.Re1 c6
9.e4 e5 10.dxe5 dxe5 11.Bg5 Re8 12.Qc2 Na6 13.a3 Nc5 14.Be3 Bxf3 15.Bxc5 Bxg2
16.Kxg2 Qe6 17.Qe2 b6 18.Be3 Ng4 19.Bd2 f5 20.f3 Nh6 21.b4 Rad8 22.Be3 f4
23.Bf2 Nf7 24.c5 Ng5 25.Rad1 bxc5 26.bxc5 Qh3+ 27.Kg1 fxg3 28.Bxg3 Rxd1 29.Rxd1 Rf8
30.Rd3 Ne6 31.Qg2 Qh5 32.Qa2 Re8 33.Rd6 Kf7 34.Rxc6 Qg5 35.Nb5 Bf8 36.Nc7 Qc1+
37.Kg2 Bxc5 38.Nxe6 Qg1+ 39.Kh3 Qf1+ 40.Qg2  0-1

[Event "Intercoop tt 14th"]
[Site "Buenos Aires"]
[Date "1998.08.23"]
[Round "2"]
[White "Robledo, Nestor Daniel"]
[Black "Ojeda, Hernan"]
[Result "1-0"]
[WhiteElo "2325"]
[BlackElo "2265"]

1.d4 Nf6 2.Nf3 g6 3.c4 Bg7 4.g3 O-O 5.Bg2 d6 6.O-O c6 7.b3 Bf5 8.Bb2 Qc8
9.Nbd2 Na6 10.Re1 Bh3 11.e4 Nb4 12.Qb1 d5 13.Bxh3 Qxh3 14.Bc3 dxe4 15.Nxe4 Na6
16.Nxf6+ exf6 17.Re7 Rab8 18.Qb2 Rfe8 19.Rae1 Rxe7 20.Rxe7 Bf8 21.Re1 Nb4
22.Qd2 Na6 23.Qf4 Rc8 24.Qxf6 Bg7 25.Qe7 Qf5 26.Qxb7 Nc5 27.dxc5 Bxc3 28.Re3 Bf6
29.Kg2 g5 30.Ne5 Rf8 31.Nd7 Bd4 32.Rf3 Qe4 33.Nxf8 g4 34.Qxf7+ Kh8 35.Nd7  1-0

[Event "Dresden op"]
[Site "Dresden"]
[Date "1998.08.24"]
[Round "9"]
[White "Romanishin, Oleg M"]
[Black "Maiwald, Jens Uwe"]
[Result "1/2-1/2"]
[WhiteElo "2600"]
[BlackElo "2425"]

1.d4 Nf6 2.Nf3 g6 3.g3 Bg7 4.Bg2 O-O 5.c4 d6 6.O-O Nc6 7.Nc3 Bf5 8.Bd2 Ne4
9.Be1 Nxc3 10.Bxc3 Be4 11.Rc1 d5 12.b3 Qd7 13.e3 Rad8 14.Qe2 e6 15.Rfd1 Qe7
16.Bf1 Bxf3 17.Qxf3 f5 18.Qe2 a6 19.b4 Na7 20.a4 c6 21.Qa2 Ra8 22.Be1 Qd7
23.Rc2 Rfc8 24.Rdc1 Bf8 25.Ra1 Qd8 26.Qb1 Rcb8 27.b5 axb5 28.axb5 dxc4 29.Bxc4 Nxb5
30.Bxe6+ Kh8 31.Rca2 Rxa2 32.Rxa2 Nc7 33.Bc4 Nd5  1/2-1/2

[Event "CRO-chT"]
[Site "Porec"]
[Date "1998.09.07"]
[Round "3"]
[White "Ruck, Robert"]
[Black "Tkachiev, Vladislav"]
[Result "1/2-1/2"]
[WhiteElo "2485"]
[BlackElo "2645"]

1.d4 Nf6 2.c4 g6 3.Nf3 Bg7 4.g3 O-O 5.Bg2 d6 6.O-O Nc6 7.Nc3 a6 8.Bd2 Bg4
9.d5 Na5 10.b3 c5 11.dxc6 Nxc6 12.Rc1 Rb8 13.Nd5 Ne4 14.Be3 Qd7 15.Nd4 Nf6
16.Re1 Ne5 17.Qd2 Rfe8 18.Bh6 Bh8 19.Bg5 Nxd5 20.cxd5 Bh3 21.Rc2 Bxg2 22.Kxg2 Rbc8
23.Rec1 Rc5 24.Rxc5 dxc5 25.Rxc5 b6  1/2-1/2

[Event "RUS-Cup final"]
[Site "Samara"]
[Date "1998.09.07"]
[Round "9"]
[White "Malaniuk, Vladimir P"]
[Black "Fedorov, Alexei"]
[Result "1/2-1/2"]
[WhiteElo "2590"]
[BlackElo "2600"]

1.d4 Nf6 2.Nf3 g6 3.g3 Bg7 4.Bg2 O-O 5.c4 d6 6.O-O Nc6 7.Nc3 a6 8.e3 Rb8
9.Qe2 b5 10.Rd1 e6 11.Nd2 Ne7 12.a3 Qe8 13.Rb1 Bb7 14.Bxb7 Rxb7 15.b4 c6
16.e4 d5 17.e5 Nd7 18.c5 Nf5 19.Nf3  1/2-1/2

[Event "CRO-chT"]
[Site "Porec"]
[Date "1998.09.12"]
[Round "6"]
[White "Medic, Mirjana"]
[Black "Poljak, Srebrenka"]
[Result "1-0"]
[WhiteElo "2330"]
[BlackElo "2040"]

1.d4 Nf6 2.c4 g6 3.Nf3 Bg7 4.g3 O-O 5.Bg2 d6 6.O-O Nbd7 7.Nc3 e5 8.h3 c6
9.e4 exd4 10.Nxd4 Qb6 11.Nde2 Nc5 12.Rb1 Re8 13.Be3 Qc7 14.f3 a5 15.Qd2 Nfd7
16.b3 Ne5 17.f4 Ned7 18.Kh2 Qb6 19.Bf2 Bf8 20.a3 Qc7 21.Qc2 Nb6 22.Nd4 Bd7
23.Rfe1 Bg7 24.Rbd1 Rad8 25.b4 axb4 26.axb4 Na6 27.Na2 c5 28.Nb5 Bxb5 29.cxb5 Nb8
30.bxc5 dxc5 31.Qxc5 Qxc5 32.Bxc5 Na4 33.Bb4 Rc8 34.e5 Rc2 35.Rd2 Rec8 36.Red1 Rxd2
37.Rxd2 b6 38.Bb7 Re8 39.Nc3 Nc5 40.Bg2 Bf8 41.Nd5  1-0

[Event "Budapest FS09 IM-A"]
[Site "Budapest"]
[Date "1998.09.14"]
[Round "10"]
[White "Czebe, Attila"]
[Black "Husari, Sate"]
[Result "1-0"]
[WhiteElo "2455"]
[BlackElo "2290"]

1.Nf3 Nf6 2.d4 g6 3.c4 Bg7 4.g3 O-O 5.Bg2 d6 6.O-O c6 7.Nc3 Qb6 8.h3 Nbd7
9.a3 Qa6 10.b3 b5 11.d5 b4 12.dxc6 bxc3 13.cxd7 Bb7 14.Be3 Nxd7 15.Bd4 c2
16.Qd2 e5 17.Bb2 Be4 18.Ne1 Bxg2 19.Nxg2 Nc5 20.Qxc2 Rab8 21.b4 Na4 22.Rac1 Rfc8
23.b5 Qa5 24.Bc3 Nxc3 25.Qxc3 Qxc3 26.Rxc3 Rc5 27.Ne3 Rbc8 28.Rd3 Bh6 29.f4 exf4
30.gxf4 Re8 31.a4 Re4 32.a5 Bxf4 33.Nd5 Bg5 34.Rb3 Kg7 35.b6 axb6 36.axb6 Rc8
37.b7 Rb8 38.Ra1 Ree8 39.Nc7 Re3 40.Rab1 Rxb3 41.Rxb3 Be3+ 42.Rxe3 Rxb7 43.Re7  1-0

[Event "Elista ol (Men)"]
[Site "Elista"]
[Date "1998.10.01"]
[Round "3"]
[White "Khamdamov, Suhrob"]
[Black "Alarcon, Cesar"]
[Result "1-0"]
[WhiteElo "2140"]
[BlackElo "2135"]

1.d4 Nf6 2.Nf3 g6 3.c4 Bg7 4.g3 O-O 5.Bg2 d6 6.O-O Nc6 7.Nc3 Rb8 8.h3 a6
9.a3 b5 10.cxb5 axb5 11.b4 e5 12.dxe5 Nd7 13.Bg5 Qe8 14.Nd5 Ncxe5 15.Rc1 Nxf3+
16.exf3 Qe5 17.Bf4 Qb2 18.Rxc7 Ne5 19.Ne7+ Kh8 20.Qxd6 Be6 21.Bc1 Qa2 22.f4 Nc4
23.Qc5 Nb2 24.Nc6 Nd3 25.Qe3 Nxc1 26.Rxc1 Ra8 27.Na5 Bb2 28.Bxa8 Rxa8 29.R7c2 Bxc1
30.Qd4+ Kg8 31.Rxa2 Bxa2 32.Qa1 Bxa3 33.Qxa2 Bxb4 34.Qd5  1-0

[Event "Elista ol (Men)"]
[Site "Elista"]
[Date "1998.10.02"]
[Round "4"]
[White "Aliev, Kerim"]
[Black "Tratar, Marko"]
[Result "0-1"]
[WhiteElo "2385"]
[BlackElo "2450"]

1.Nf3 Nf6 2.c4 g6 3.d4 Bg7 4.g3 O-O 5.Bg2 d6 6.O-O Nbd7 7.Nc3 e5 8.e4 a6
9.h3 b5 10.cxb5 axb5 11.Re1 Bb7 12.Bg5 Qb8 13.dxe5 Nxe5 14.Nxe5 dxe5 15.Qf3 Nd7
16.Qd3 Nc5 17.Qxb5 Ne6 18.Be3 Nd4 19.Bxd4 exd4 20.Nd5 Bxd5 21.Qxd5 Qxb2 22.e5 Rad8
23.Qc4 d3 24.Rad1 d2 25.Re2 Rd4 26.Qxc7 Qxa2 27.Bf3 Qb3 28.Re3 Rd3 29.Rxd3 Qxd3
30.Kg2 Qd4 31.Qd6 Rd8 32.Qxd4 Rxd4 33.Be2 Bxe5 34.Kf3 Rd6 35.Kg2 Bb2 36.Bf3 Bc1
37.Be4 f5 38.Bf3 Kf8 39.Kf1 Re6 40.Bd5 Re5 41.Bc4 Ke8 42.Bd3 Ke7 43.h4 Kd6
44.Be2 Kc5 45.f4 Re6 46.h5 Kd4 47.Kf2 Kc3 48.hxg6 hxg6 49.Rh1 Ba3 50.Rh8 Bc5+
51.Kf1 Rc6 52.Kg2 Kc2 53.Rh1 Re6 54.Bd1+ Kb2 55.Rh8 Re1 56.Rb8+ Kc3 57.Bf3 d1=Q
58.Bxd1 Rxd1 59.Rg8 Rd6 60.g4 Kd4 61.Kg3 Re6 62.Kh4 Be7+ 63.Kg3 Ke4 64.Ra8 Rd6
65.Re8 Rd3+ 66.Kg2 Rd7 67.Kg3 Rc7 68.g5 Rd7 69.Rg8 Rd3+ 70.Kh4 Kxf4 71.Rxg6 Rd6
72.Rg8 Rh6+  0-1

[Event "Elista ol (Men)"]
[Site "Elista"]
[Date "1998.10.03"]
[Round "5"]
[White "Kurajica, Bojan"]
[Black "Markowski, Tomasz"]
[Result "1-0"]
[WhiteElo "2570"]
[BlackElo "2525"]

1.d4 Nf6 2.Nf3 g6 3.g3 Bg7 4.Bg2 O-O 5.c4 d6 6.O-O Nc6 7.d5 Na5 8.Nbd2 c5
9.e4 Rb8 10.Rb1 b5 11.cxb5 Rxb5 12.b3 Ba6 13.Re1 Rb8 14.Qc2 Nd7 15.Bb2 Bxb2
16.Qxb2 Nc4 17.Nxc4 Bxc4 18.Qd2 Ba6 19.e5 dxe5 20.Nxe5 Nxe5 21.Rxe5 Qd6 22.Rbe1 Rb7
23.Qe3 Re8 24.h4 c4 25.bxc4 Bxc4 26.Qf4 Rc8 27.a4 Rcc7 28.h5 Rb6 29.a5 Ra6
30.Qd4 Rxa5 31.h6 f6 32.Re6 Qc5 33.Qf4 Kf7 34.Rc1 Rc8 35.Rc6 Rxc6 36.dxc6 Ra4
37.Bf1  1-0

[Event "Elista ol (Men)"]
[Site "Elista"]
[Date "1998.10.03"]
[Round "5"]
[White "Makarov, Marat"]
[Black "Hassan, Sayed Barakat"]
[Result "1-0"]
[WhiteElo "2530"]
[BlackElo "2330"]

1.Nf3 Nf6 2.c4 g6 3.d4 Bg7 4.g3 O-O 5.Bg2 d6 6.O-O Nc6 7.Nc3 Bg4 8.d5 Bxf3
9.exf3 Na5 10.Qd3 c5 11.Bh3 a6 12.Bd2 Rb8 13.b3 b5 14.Rac1 Nd7 15.f4 bxc4
16.bxc4 Rb2 17.Na4 Rxa2 18.Bxa5 Qxa5 19.Bxd7 Rxa4 20.Bxa4 Qxa4 21.Rb1 Ra8
22.Rb7 Bf6 23.Rfb1 Qa2 24.Kf1 Kg7 25.Qe2 Qa4 26.Kg2 a5 27.h4 h5 28.f5 Qe8
29.fxg6 fxg6 30.Rc7 a4 31.Rbb7 Kf8 32.Ra7 a3 33.Qa2 Rxa7 34.Rxa7 Bb2 35.Qb3 Qf7
36.Qe3 Bd4  1-0

[Event "Elista ol (Men)"]
[Site "Elista"]
[Date "1998.10.03"]
[Round "5"]
[White "Vasquez, Rodrigo"]
[Black "Mangwengwende, John"]
[Result "1-0"]
[WhiteElo "2445"]
[BlackElo "2165"]

1.d4 Nf6 2.Nf3 g6 3.c4 Bg7 4.g3 O-O 5.Bg2 d6 6.O-O Nc6 7.Nc3 a6 8.d5 Na5
9.Nd2 c5 10.Qc2 Rb8 11.b3 b5 12.Rb1 Bd7 13.h3 Qc7 14.Rd1 Rb7 15.cxb5 axb5
16.Nde4 b4 17.Nxf6+ exf6 18.Ne4 f5 19.Nd2 Re8 20.e3 Bb5 21.Bb2 Bxb2 22.Rxb2 Qd8
23.a3 bxa3 24.Ra2 Ra7 25.Rda1 Qb6 26.Rxa3 Rea8 27.Qc3 Nb7 28.Rxa7 Rxa7 29.Rxa7 Qxa7
30.e4 Qa5 31.Qb2 Qb4 32.exf5 gxf5 33.h4 Bd3 34.h5 c4 35.Nxc4 Bxc4 36.h6 Qe1+
37.Kh2 Qe5 38.Qxe5 dxe5 39.bxc4 Kf8 40.Bh3 f6 41.Bxf5 Nd6 42.Bd3 e4 43.Be2 Nf7
44.Bh5 Nxh6 45.g4 Ke7 46.c5 Ng8 47.Kg3 f5 48.d6+ Kd7 49.g5  1-0

[Event "Elista ol (Men)"]
[Site "Elista"]
[Date "1998.10.06"]
[Round "8"]
[White "Temirbaev, Serik"]
[Black "Grivas, Efstratios"]
[Result "1/2-1/2"]
[WhiteElo "2475"]
[BlackElo "2520"]

1.d4 Nf6 2.c4 g6 3.Nf3 Bg7 4.g3 O-O 5.Bg2 d6 6.O-O Nc6 7.Nc3 Bf5 8.b3 Ne4
9.Bb2 Nxc3 10.Bxc3 Be4 11.Rc1 d5 12.e3 e6 13.Qe2 a5 14.Rfd1 a4 15.Ne1 Bxg2
16.Nxg2 Ne7  1/2-1/2

[Event "Elista ol (Men)"]
[Site "Elista"]
[Date "1998.10.07"]
[Round "9"]
[White "Irzhanov, Ruslan"]
[Black "Inarkiev, Ernesto"]
[Result "1/2-1/2"]
[WhiteElo "2535"]
[BlackElo "2300"]

1.d4 Nf6 2.c4 g6 3.Nf3 Bg7 4.g3 O-O 5.Bg2 d6 6.Nc3 Nc6 7.d5 Na5 8.Nd2 c5
9.O-O e5 10.a3 b6 11.b4 Nb7 12.e4 Ng4 13.Nf3 Bd7 14.Qe2 Qe7 15.h3 Nh6 16.Bd2 Rac8
17.Rac1 f5 18.exf5 Nxf5 19.Ne4 h6 20.Qd3 b5 21.g4 Nd4 22.Nxd4 exd4 23.bxc5 dxc5
24.Qb3 Nd6 25.Nxd6 Qxd6 26.cxb5 Rb8 27.a4 a6 28.Qa3 axb5 29.Qxc5 Qxc5 30.Rxc5 bxa4  1/2-1/2

[Event "NRW Sportland Cup Masters"]
[Site "Senden"]
[Date "1998.10.08"]
[Round "1"]
[White "Kalinitschew, Sergey"]
[Black "Haselhorst, Helmut"]
[Result "1-0"]
[WhiteElo "2505"]
[BlackElo "2200"]

1.d4 Nf6 2.Nf3 g6 3.c4 Bg7 4.g3 O-O 5.Bg2 d6 6.O-O Nc6 7.d5 Na5 8.Nbd2 c5
9.e4 a6 10.Rb1 b5 11.b3 Nd7 12.Bb2 Bxb2 13.Rxb2 Rb8 14.Qc2 bxc4 15.bxc4 Rxb2
16.Qxb2 Nb6 17.Qc3 Na4 18.Qa3 Bd7 19.e5 Qc7 20.Re1 Rb8 21.Qe3 Kg7 22.Qf4 Bf5
23.Bf1 Nb2 24.Re3 Rb4 25.g4 Bc8 26.Ng5 f6 27.exf6+ exf6 28.Nge4 Naxc4 29.Qxf6+ Kg8
30.Rf3 Bf5 31.gxf5 Ne5 32.Rg3 c4 33.Nxd6 c3 34.Qe6+ Kf8 35.Qe8+  1-0

[Event "Elista ol (Men)"]
[Site "Elista"]
[Date "1998.10.09"]
[Round "10"]
[White "Rasmussen, Rogvi W"]
[Black "Silva, Fernando"]
[Result "1/2-1/2"]
[WhiteElo "2140"]
[BlackElo "2310"]

1.d4 g6 2.Nf3 Bg7 3.c4 d6 4.g3 Nf6 5.Bg2 O-O 6.O-O c5 7.dxc5 dxc5 8.Nc3 Nc6
9.Bf4 Qa5 10.Ne5 Nxe5 11.Bxe5 Qb4 12.b3 Bg4 13.Qc2 Rad8 14.Rad1 Qb6 15.Rxd8 Rxd8
16.Rd1 Rxd1+ 17.Qxd1 h5 18.f3 Bf5 19.e4 Be6 20.Bf4 Qa5 21.Qd2 a6 22.Nd5 Qxd2
23.Nxf6+ Bxf6 24.Bxd2 Bd4+ 25.Kh1 Bd7 26.Bf1 e5 27.Kg2 f6 28.Be2 Kf7 29.Bd1 Bc6
30.Bc2 Ke7 31.h3 Bd7 32.g4 hxg4 33.hxg4 Kd6 34.Kf1 Bc6 35.Bd3 Be8 36.Ke2 Bf7
37.Kd1 Kc6 38.Kc2 Bf2 39.Bf1 Be6 40.Bd3 Bd4 41.Ba5 Be3 42.Bd2 Bf2 43.Kd1 Bd7
44.Kc2 Kd6 45.Kd1 Bc6 46.Ke2 Bd4 47.Ba5 Bb2 48.a4 Bc1 49.Be1 b6 50.Bh4 Ke6
51.Bf2 a5 52.Bh4 Kf7 53.Bf2 Bg5 54.Bg3 Kg7 55.Be1 Kh6 56.Bg3 Bf4 57.Bh4 Kg7
58.Bc2 g5 59.Be1 Bxa4  1/2-1/2

[Event "Elista ol (Men)"]
[Site "Elista"]
[Date "1998.10.09"]
[Round "10"]
[White "Aliev, Kerim"]
[Black "Hassan, Sayed Barakat"]
[Result "1/2-1/2"]
[WhiteElo "2385"]
[BlackElo "2330"]

1.d4 Nf6 2.c4 g6 3.Nf3 Bg7 4.g3 O-O 5.Bg2 d6 6.O-O Nc6 7.Nc3 a6 8.e4 Bg4
9.h3 Bxf3 10.Bxf3 Nd7 11.Be3 e5 12.d5 Ne7  1/2-1/2

[Event "NRW Sportland Cup Masters"]
[Site "Senden"]
[Date "1998.10.09"]
[Round "2"]
[White "Schroeder, Wilfried"]
[Black "Bezold, Michael"]
[Result "0-1"]
[WhiteElo "2250"]
[BlackElo "2490"]

1.d4 Nf6 2.Nf3 g6 3.c4 Bg7 4.g3 O-O 5.Bg2 d6 6.O-O a6 7.Nc3 Nc6 8.Re1 Rb8
9.Rb1 Bd7 10.e4 b5 11.cxb5 axb5 12.b4 e5 13.dxe5 dxe5 14.Be3 Bg4 15.Bc5 Re8
16.Qxd8 Nxd8 17.Nd2 Bf8 18.Bxf8 Kxf8 19.Nb3 c6 20.Nc5 Ne6 21.Nxe6+ Bxe6 22.Red1 Ra8
23.Rb2 Ra3 24.Rc2 Ke7 25.Rdd2 Rea8 26.f3 Nd7 27.Kf2 Nb6 28.Bf1 Rd8 29.Ke1 Rd4
30.Rxd4 exd4 31.Nb1 Rxa2 32.Rxc6 Nc4 33.Bd3 Ne5  0-1

[Event "Elista ol (Men)"]
[Site "Elista"]
[Date "1998.10.10"]
[Round "11"]
[White "Fominyh, Alexander"]
[Black "Kakageldyev, Amanmurad"]
[Result "1/2-1/2"]
[WhiteElo "2530"]
[BlackElo "2475"]

1.d4 g6 2.Nf3 Bg7 3.c4 d6 4.g3 Nf6 5.Bg2 O-O 6.O-O Nc6 7.Nc3 Bf5 8.b3 e5
9.d5 Ne7 10.h3 Qc8 11.Kh2 Bd7 12.Bb2 Ne8 13.Ne1 f5 14.f4 e4 15.Nc2 c5 16.dxc6 bxc6
17.Qd2 Be6 18.Rab1 Qb7 19.Na4 Bxb2 20.Rxb2 Bf7 21.g4 fxg4 22.hxg4 d5 23.cxd5 cxd5
24.Nd4 Rc8 25.e3 Ng7 26.Bh3 Be8 27.Nc3 Bd7 28.Nd1 g5 29.Qe1 Ng6 30.Qg3 Qb6
31.f5 Ne7 32.Qe5 Qf6 33.Qxf6 Rxf6 34.Rc2 Rxc2+ 35.Nxc2 Ne8 36.Nd4 Ra6 37.Rf2 Kf7
38.Rc2 h5 39.gxh5 Rh6 40.Nf2 Rxh5 41.Kg3 Rh6 42.Rc5 Rd6 43.Bg4 Nf6 44.Rc7 a6
45.Nh3 Nh7 46.Bh5+ Kf6 47.Nf2 Kg7 48.Ne6+ Kg8 49.Bg4 Bxe6 50.fxe6 Kf8 51.Nh3 Rb6
52.Ng1 Nf6 53.Ne2 Nxg4 54.Kxg4 Rxe6 55.Kxg5 Rg6+ 56.Kf4 Rg2 57.Nd4 Rxa2 58.Ke5 Rh2
59.Ne6+ Ke8 60.Nf4 Rh6 61.Nxd5 Nxd5 62.Kxd5 Rb6 63.Kc4 Kd8 64.Rc5 Re6 65.b4  1/2-1/2